| 000 | 00574nam a22001817a 4500 | ||
|---|---|---|---|
| 999 |
_c188716 _d188716 |
||
| 005 | 20220602110503.0 | ||
| 010 | _aENG-132936 | ||
| 020 |
_a9789388604260 _c680.00 |
||
| 035 | _aEN-116468 | ||
| 037 | _bDBAD/PUB | ||
| 082 | _a616.994 | ||
| 100 | _aAli, Afsar | ||
| 245 |
_aHerbs, Spices and Cancer/ _cAfsar Ali |
||
| 260 |
_aNew Delhi _bAyushman Publication House _c2018 |
||
| 270 |
_a352/D2 Ajit Bhawan Munirka Near J.N.U. Main Gate _bNew Delhi _e110067 _mayushmanpuhouse@gmail.com |
||
| 300 |
_avii, 209p. _c22cm(hbk) |
||
| 942 |
_2ddc _cEN _h616.994 _mALI |
||